Statistics for Northern Ireland Euro 2016 squad

Click here to take the quiz!

General Stats

  • This quiz has been taken 173 times
  • The average score is 15 of 24

Answer Stats

PositionPlayer% Correct
MF (C)Steven Davis
91%
DFJonny Evans
90%
MFCorry Evans
89%
FWKyle Lafferty
87%
GKMichael McGovern
83%
DFGareth McAuley
82%
ManagerMichael O'Neill
79%
FWWill Grigg
78%
FWConor Washington
68%
FWJosh Magennis
68%
MFStuart Dallas
65%
MFNiall McGinn
63%
GKRoy Carroll
63%
MFOliver Norwood
61%
DFAaron Hughes
59%
DFCraig Cathcart
51%
DFPaddy McNair
49%
MFJamie Ward
47%
DFConor McLaughlin
45%
MFShane Ferguson
44%
DFChris Baird
43%
GKAlan Mannus
29%
DFLee Hodson
23%
DFLuke McCullough
20%

Score Distribution

Percentile by Number Answered

Percent of People with Each Score

Your Score History

You have not taken this quiz